00619 2200241 4500001002100000005001500021035002000036008004100056245008000097100001900177250000600196260003600202300000900238020001800247022000600265024000600271084001700277082001100294650003300305863001300338856001700351990000900368INLIS00000000000023320230531094233 a0010-0919000053230531 1 ind 1 aMenganalisis fiksi sebuah pengantar :bMenganalisis fiksi /cFurqonul Azier aFurqonul Azier a1 aJakarta :bAR-Ruzz Media,c2012 c21cm a9786021889565 a0 a0 a899.28 FUR m a899.28 4aMetodologi pengajaran sastra a12-12-12 akesusastraan a4841